| 000 | 01120nam a22002057a 4500 | ||
|---|---|---|---|
| 999 |
_c1084 _d1084 |
||
| 005 | 20210531102953.0 | ||
| 008 | 210531b ||||| |||| 00| 0 eng d | ||
| 020 | _a9781444949230 | ||
| 040 | _cKH8 | ||
| 082 | _aFIC POW | ||
| 100 |
_aPowrie, Lucy _eauthor |
||
| 245 |
_aThe paper & hearts society / _cLucy Powrie |
||
| 246 | _aThe paper and hearts society | ||
| 260 |
_aLondon : _bHodder Children's Books, _c2019. |
||
| 300 |
_a353 p. ; _c20 cm |
||
| 440 |
_aThe Paper & Hearts Society ; _nBook 1. |
||
| 520 | _aTabby Brown is tired of trying to fit in with her classmates. She doesn't want to go to parties at the weekend - in fact, she would much rather snuggle up on the sofa with her favourite book. It's like she hasn't found her people. That is until she moves to a new town where a book club, The Paper & Hearts Society, is recruiting. Tabby might just be in luck. Enough of her old "friends" who only talk to her when they need something. It's time for Quidditch themed fancy dress parties, games like "shut up and Shakespeare" and lots of chocolate. | ||
| 650 | _aYoung adult fiction | ||
| 942 |
_2ddc _cFIC |
||